000 01264nam0a22003131 4500
001 v19\rc\1412378
005 20260406081718.0
035 _a(NLR Aleph) 004564792
090 _a2322007
_c2322007
100 _a20060512d1899 |||y0rusy50 ca
101 0 _arus
102 _aRU
105 _aac z |||a|
200 1 _aПо Святой земле
_eИз палестин. впечатлений. 1873-1874
_e[Стихи]
_f[С.П.]
205 _a3-е изд., доп. и испр.
210 _aСанкт-Петербург
_cПравославное Палестинское о-во
_d1899
215 _a[4], 232 с., 37 л. ил., портр.
_d19
300 _aАвт. установлен по изд.: Хронол. список сочинений, изданий и переводов С.И. Пономарева. Спб., 1913
700 1 _4070
_7ca
_8rus
_aПономарев
_bС. И.
_cписатель
_f1828-1913
_gСтепан Иванович
_929325
_3RU\NLR\AUTH\7746390
790 0 _aС.П.
_f1828-1913
801 0 _aRU
_bNLR
_gpsbo
801 0 _aRU
_bRuMoRGB
_2psbo
801 1 _aRU
_bProSoft-M
_2rusmarc
852 _aNLR
_j20.51.5.12
852 _aNLR
_j129/4862
899 _aRuMoRGB
_jS 33/708
899 _aRuMoRGB
_jJ 65/5
942 _cBOOK
980 _aNB